Three North American Countries Starting With The Same Letter - Statistics

General Stats
  • This quiz has been taken 184 times
  • The average score is 7 of 9
Answer Stats
Hint Answer % Correct
C Canada
88%
B Barbados
83%
B Bahamas
81%
C Cuba
80%
B Belize
78%
C Costa Rica
74%
S Saint Lucia
67%
S Saint Kitts and Nevis
65%
S Saint Vincent and the Grenadines
63%
No matching quizzes found
Score Distribution
Percent of People with Each Score
Percentile by Number Answered
Your Score History
You have not taken this quiz